| 000 | 00633nam a2200181Ia 4500 | ||
|---|---|---|---|
| 008 | 100921s9999 xx 000 0 und d | ||
| 082 |
_b38854 _a920.71 न 04 |
||
| 100 | _aआरेकर विश्वनाथ. | ||
| 245 | _aअनजायना. | ||
| 260 |
_bशारदा प््राकाशन, ठाणे. _c2004 |
||
| 300 |
_a144 _bजयेश एजन्सी,पुणे. |
||
| 365 | _b100 | ||
| 520 | _aचरित्र्ेा-पुरूष. | ||
| 630 | _aअनजायना. | ||
| 650 | _aचरित्र्ेा-पुरूष. | ||
| 730 | _aअनजायना. | ||
| 942 | _cBOOK | ||
| 999 |
_c787967 _d787964 |
||